Normal view MARC view
  • Sales management

Entry Topical Term

Number of records used in: 6

001 - CONTROL NUMBER

  • control field: 119868

003 - CONTROL NUMBER IDENTIFIER

  • control field: OSt

005 - DATE AND TIME OF LATEST TRANSACTION

  • control field: 20230301125854.0

008 - FIXED-LENGTH DATA ELEMENTS

  • fixed length control field: 230301|| aca||aabn | a|a d

040 ## - CATALOGING SOURCE

  • Original cataloging agency: OSt
  • Transcribing agency: OSt

150 ## - HEADING--TOPICAL TERM

  • Topical term or geographic name entry element: Sales management

670 ## - SOURCE DATA FOUND

  • Source citation: Work cat.: (OSt)94651: Cespedes F V 116925, Aligning Strategy and Sales, 2014